Historia de los yugoeslavos en Magallanes: su vida y su cultura con una introducción de Magallanes histórico
Salvato in:
| Autore principale: | |
|---|---|
| Natura: | Libro |
| Lingua: | spagnolo |
| Pubblicazione: |
Punta Arenas, Chile
La Nacional
1941
|
| Soggetti: | |
| Tags: |
Aggiungi Tag
Nessun Tag, puoi essere il primo ad aggiungerne!!
|
MARC
| LEADER | 00000nam a2200000 a 4500 | ||
|---|---|---|---|
| 001 | UCO2551 | ||
| 003 | CL-VaPUC | ||
| 005 | 20211009074555.0 | ||
| 008 | 000608e19410000CL |||||||||||||||||spa|d | ||
| 999 | |c 289057 |d 289055 | ||
| 040 | |c Pontificia Universidad Católica de Valparaíso | ||
| 082 | 0 | 4 | |a 983.644 BON 1941 |2 21 |
| 100 | 0 | |a Bonacic-Doric B., Lucas |e author |9 445885 | |
| 245 | 1 | 0 | |a Historia de los yugoeslavos en Magallanes: |b su vida y su cultura con una introducción de Magallanes histórico |
| 260 | |a Punta Arenas, Chile |b La Nacional |c 1941 | ||
| 300 | |a volúmenes | ||
| 583 | |a last modification |c 20000608 00:00:00 |k Rodrigo Vera | ||
| 650 | 0 | |a Ciudades |z MAGALLANES |z CHILE |9 265474 | |
| 650 | 0 | |a Historia |z MAGALLANES |z CHILE |9 255047 | |
| 650 | 0 | |a Inmigrantes |z MAGALLANES |9 317882 | |
| 852 | |a BIBCUR | ||
| 942 | |c BK |2 ddc | ||
| 945 | |d 20000608 00:00:00 |a crobeson | ||
| 952 | |0 0 |1 0 |2 ddc |4 0 |6 983_644000000000000_BON_1941 |7 0 |8 X |9 337191 |a BIBHIS |b BIBHIS |d 2019-11-20 |h v.1 |i 1292544 |l 2 |o 983.644 BON 1941 |p 1292544 |r 2024-01-30 |s 2023-04-28 |t 1 |w 2019-11-20 |y BK_X |k HIS | ||